| 000 | 00563nam a2200193Ia 4500 | ||
|---|---|---|---|
| 003 | GCL | ||
| 008 | 140319s9999 xx 000 0 ara d | ||
| 040 |
_aGCL / _cGCL |
||
| 082 | 0 | 4 |
_a813.03 _bم ح |
| 100 | 1 | _aمكرم فهيم | |
| 245 | 1 | 0 |
_aالحفر تحت الجلد: رواية / _cمكرم فهيم |
| 260 |
_a[S.N] : _bالهيئة المصرية العامة للكتاب ، _c1995 |
||
| 300 | _a94 ص | ||
| 490 | _a | ||
| 650 | 0 | 4 | _aالادب العربى |
| 650 | 0 | 4 | _aالقصص الاجتماعية |
| 650 | 0 | 4 | _aالقصص |
| 942 |
_2ddc _cBK |
||
| 999 |
_c33328 _d33328 |
||